logo

Bir Sreshtho Munshi Abdur Rouf Library
Jhenaidah Cadet College

মহাবিশ্বের মহাবিজ্ঞানী স্টিফেন হকিং / (Record no. 9563)

MARC details
000 -LEADER
fixed length control field 00733nam a2200241 a 4500
001 - CONTROL NUMBER
JCCL Control Number 9563
003 - CONTROL NUMBER IDENTIFIER
JCCL marc code BD-JhCC
005 - DATE AND TIME OF LATEST TRANSACTION
control field 20190707134017.0
008 - FIXED-LENGTH DATA ELEMENTS--GENERAL INFORMATION
fixed length control field 180319s19972006bg |||| ||a| 000 0 b d
020 ## - INTERNATIONAL STANDARD BOOK NUMBER
International Standard Book Number 9844581184
035 ## - SYSTEM CONTROL NUMBER
system control number (BD-JhCC)9563
040 ## - CATALOGING SOURCE
Original cataloging agency BD-JhCC
Modifying agency BD-JhCC
041 ## - LANGUAGE CODE
Language code of Book ben
082 ## - DEWEY DECIMAL CLASSIFICATION NUMBER
Classification number 925
Author mark and Year AJI 1997
100 ## - MAIN ENTRY--PERSONAL NAME
Personal name আজিজ, আব্দুল
245 ## - TITLE STATEMENT
Title মহাবিশ্বের মহাবিজ্ঞানী স্টিফেন হকিং /
Statement of responsibility, etc মোঃ আব্দুল আজিজ
260 ## - PUBLICATION, DISTRIBUTION, ETC. (IMPRINT)
Place of publication, distribution, etc ঢাকা:
Name of publisher, distributor, etc সময় প্রকাশন;
Date of publication, distribution, etc 1997.
300 ## - PHYSICAL DESCRIPTION
Pagination 75 p. :
Dimensions 21 cm.
650 ## - SUBJECT ADDED ENTRY--TOPICAL TERM
Topical term or geographic name as entry element Scientist
651 ## - SUBJECT ADDED ENTRY--GEOGRAPHIC NAME
Geographic name Biography.
942 ## - ADDED ENTRY ELEMENTS (KOHA)
Source of classification or shelving scheme Dewey Decimal Classification
Koha item type Books
Koha issues (borrowed), all copies 1
Holdings
Source of classification or shelving scheme Damaged status Not for loan Home library Current library Shelving location Date of accession Cost, normal purchase price Total Checkouts Full call number Barcode Date last seen Date checked out Copy number Koha item type
Dewey Decimal Classification     JCC Rouf Library JCC Rouf Library General Stacks 03/19/2018 60.00 2 925 AJI 1997 12482 08/30/2023 08/08/2023 C - 1 Books

JCC Library | Contacts | JCC Home

Last Update on 23 September 2017
Copyright @ 2017-2020 JCC Rouf Library
Rouf Library, Jhenidah Cadet College (JCC), Bangladesh